| 000 | 00843nam a22002417a 4500 | ||
|---|---|---|---|
| 005 | 20111108103145.0 | ||
| 008 | 111108t xxu||||| |||| 00| 0 eng d | ||
| 010 | _aENG-104051 | ||
| 020 |
_a9789381385128 _c550.00 |
||
| 035 | _aEN-87584 | ||
| 037 | _bDBAD/PUB | ||
| 040 |
_aDPL _bEng |
||
| 082 | _a364 | ||
| 100 |
_aAnil Kumar _935745 |
||
| 245 |
_aCriminology : _cby Anil Kumar _bprinciples & concepts / |
||
| 260 |
_aDelhi _bAncient Publishing House _c2011 |
||
| 270 |
_aV-75, Street No. 15-A, Vijay Park, Near C-11, Shiv Sadhana Mandir, Yamuna Vihar _bDelhi _e110053 |
||
| 300 |
_a255p. _c22cm (Hb) |
||
| 500 | _aIncludes bibliographical references | ||
| 700 | _935744 | ||
| 942 |
_2ddc _cEN _h364 _mANI |
||
| 999 |
_c58183 _d58183 |
||